Dunkel prastavaneya belakinalli Satellite T V (Record no. 100384)
[ view plain ]
| 000 -LEADER | |
|---|---|
| fixed length control field | 03689nam a2200217Ia 4500 |
| 003 - CONTROL NUMBER IDENTIFIER | |
| control field | OSt |
| 005 - DATE AND TIME OF LATEST TRANSACTION | |
| control field | 20260601115245.0 |
| 008 - FIXED-LENGTH DATA ELEMENTS--GENERAL INFORMATION | |
| fixed length control field | 210210b1995 xxu||||| |||| 00| 0 eng d |
| 020 ## - INTERNATIONAL STANDARD BOOK NUMBER | |
| International Standard Book Number | 81 7302 191 0 |
| 040 ## - CATALOGING SOURCE | |
| Transcribing agency | AL |
| 041 ## - LANGUAGE CODE | |
| Language code of text/sound track or separate title | Kannada |
| 082 ## - DEWEY DECIMAL CLASSIFICATION NUMBER | |
| Classification number | 302.23K MOHD |
| 100 ## - MAIN ENTRY--PERSONAL NAME | |
| Personal name | MOHAN (G N). |
| Dates associated with a name | ಜಿ. ಎನ್. ಮೋಹನ್ |
| 9 (RLIN) | 264828 |
| 245 ## - TITLE STATEMENT | |
| Title | Dunkel prastavaneya belakinalli Satellite T V |
| Remainder of title | ಡಂಕೆಲ್ ಪ್ರಸ್ತಾವನೆಯ ಬೆಳಕಿನಲ್ಲಿ ಸ್ಯಾಟಲೈಟ್ ಟಿವಿ |
| 260 ## - PUBLICATION, DISTRIBUTION, ETC. | |
| Place of publication, distribution, etc. | Bengaluru |
| Name of publisher, distributor, etc. | Navakarnataka Prakashana. |
| Date of publication, distribution, etc. | 1995 |
| 300 ## - PHYSICAL DESCRIPTION | |
| Extent | 104 |
| 520 ## - SUMMARY, ETC. | |
| Summary, etc. | <br/>ಭಾರತದಲ್ಲಿ ಈಗ ಹದಿನಾರು ಸಾವಿರಕ್ಕಿಂತ ಹೆಚ್ಚು ಕೇಬಲ್ ಟಿವಿ ಪ್ರಸಾರ ಕೇಂದ್ರಗಳಿವೆ. ಕರ್ನಾಟಕದಲ್ಲೇ ಮೂರು ಸಾವಿರಕ್ಕಿಂತ ಹೆಚ್ಚು ಕೇಬಲ್ ಟಿವಿ ಆಪರೇಟರ್ ಗಳಿದ್ದಾರೆ. ಸ್ಟಾರ್ ಟಿವಿಯ ಮೂಲಕ ರೂಪರ್ಟ್ ಮರ್ಡೋಕ್ ಭಾರತದ ಯುವ ತಲೆಮಾರಿನ ಅಭಿರುಚಿಯನ್ನು ಕೆಡಿಸಿ, ನವ ವಸಾಹತುಶಾಹಿಯ ಮಾನವ ಪುತ್ರರನ್ನಾಗಿ ಮಾಡುವುದರಲ್ಲಿ ಯಶಸ್ವಿಯಾಗುತ್ತಿದ್ದಾರೆ. “ಮೂರನೆಯ ಜಗತ್ತಿನ ರಾಷ್ಟ್ರಗಳು ತಮ್ಮ ರಾಷ್ಟ್ರೀಯ ಸಂಸ್ಕೃತಿಯನ್ನು ರಕ್ಷಿಸಿಕೊಳ್ಳಬಲ್ಲ ಪಾಶ್ಚಿಮಾತ್ಯ ಬಂಡವಾಳ ಶಾಹಿ ದೇಶಗಳ, ಅದರಲ್ಲೂ ಮುಖ್ಯವಾಗಿ ಅಮೇರಿಕಾದ ಏಕಮುಖ ಸುದ್ದಿ ಮತ್ತು ಮನರಂಜನೆಯ ಪ್ರವಾಹವನ್ನು ತಡೆಗಟ್ಟ ಬೇಕು ” ಎನ್ನುವ ಯುನೆಸ್ಕೋದ ಮ್ಯಾಕ್ ಬ್ರೆಟ್ ಆಯೋಗದ ಎಚ್ಚರಿಕೆ, ‘ದೆಹಲಿಯಲ್ಲಿ ಮನಮೋಹನಾಮಿಕ್ಸ್’ ನ ಗುಂಗಿನಲ್ಲಿರುವ ನಮ್ಮ ರಾಜಕಾರಣಿಗಳಿಗೆ ಅರ್ಥವಾದಂತಿಲ್ಲ.<br/><br/>ನಿವೃತ್ತ ನ್ಯಾಯಮೂರ್ತಿ ವಿ. ಆರ್. ಕೃಷ್ಣಯ್ಯರ್ ಅವರು ಹೇಳುವಂತೆ, ” ರಾಜಕೀಯ ನಾಯಕರಿಗೆ ದೃಢ ಮನಸ್ಸಿದ್ದರೆ ಸ್ಯಾಟಲೈಟ್ ಟಿವಿ ಭಾರತದ ಮನೆಗಳನ್ನು ಪ್ರವೇಶಿಸದಂತೆ ಕಾನೂನಿನ ಮೂಲಕ ತಡೆಯಲು ಈಗಲೂ ಸಾಧ್ಯ. ಒಂದು ಪುರಸಭೆ ಸಹಾ ಡಿಷ್ ಆಂಟನಗಳನ್ನೂ ಹತ್ತಿಕ್ಕಲು ಕಾನೂನಿನಲ್ಲಿ ಅವಕಾಶವಿದೆ. ಉದಾರೀಕರಣ ಅಗತ್ಯ ನಿಜ. ಆದರೆ ದೇಶದ ಹಿತಾಸಕ್ತಿಯನ್ನು ಬಲಿಗೊಟ್ಟು ಅಲ್ಲ.”<br/>ಸ್ಯಾಟಲೈಟ್ ಟಿವಿ ಜಾಲದ ಹಿನ್ನೆಲೆಯಲ್ಲಿ ಅದೃಶ್ಯರೂಪಿಯಾಗಿರುವ ಅಂತಾರಾಷ್ಟ್ರೀಯ ರಾಜಕೀಯದ ದುಷ್ಟಶಕ್ತಿಗಳ ಕಾರಸ್ಥಾನಗಳನ್ನು ಕುರಿತು ಎಚ್ಚರಿಸುವ ಸಾಂಸ್ಕೃತಿಕ ಜವಾಬ್ದಾರಿಯ ಕೆಲಸವನ್ನು ಜಿ. ಎನ್. ಮೋಹನ್ ಅವರು ಈ ಕೃತಿಯಲ್ಲಿ ಚೆನ್ನಾಗಿ ನಿರ್ವಹಿಸಿದ್ದಾರೆ. |
| 690 ## - LOCAL SUBJECT ADDED ENTRY--TOPICAL TERM (OCLC, RLIN) | |
| Topical term or geographic name as entry element | Journalism |
| 9 (RLIN) | 264829 |
| 906 ## - LOCAL DATA ELEMENT F, LDF (RLIN) | |
| a | 052079 |
| 942 ## - ADDED ENTRY ELEMENTS (KOHA) | |
| Source of classification or shelving scheme | Dewey Decimal Classification |
| Koha item type | Book |
| Withdrawn status | Lost status | Source of classification or shelving scheme | Damaged status | Not for loan | Collection code | Home library | Current library | Shelving location | Date acquired | Cost, normal purchase price | Total Checkouts | Full call number | Barcode | Date last seen | Price effective from | Koha item type |
|---|---|---|---|---|---|---|---|---|---|---|---|---|---|---|---|---|
| Dewey Decimal Classification | Sociology | St Aloysius Library | St Aloysius Library | 02/17/2021 | 20.00 | 302.23K MOHD | 052079 | 02/17/2021 | 02/17/2021 | Book |